000 00419 a2200133 4500
999 _c12717
_d12717
008 240705b ||||| |||| 00| 0 eng d
020 _a9783037782422
082 _a723.3
100 _a Mohsen Mostafavi
245 _aAga Khan Award for Architecture 2010: Implicate & Explicate: Aga Kahn Award for Architecture 2010
260 _b Lars Muller Publishers; Illustrated edition
_c2011
300 _a351p;
942 _2ddc